Loading...
| Literature - American Literature | 0 | 2 | 0 | 0 | 20 | 67 | 91.00 | 1 | 1 |
| Fine Arts - Painting & Sculpture | 0 | 3 | 2 | 0 | 20 | 60 | 83.00 | 0 | 1 |
| Philosophy | 0 | 2 | 0 | 0 | 20 | 97 | 97.00 | 0 | 2 |
| Fine Arts - Other Fine Arts | 0 | 2 | 1 | 0 | 15 | 63 | 77.50 | 0 | 2 |
| Science - Physics | 0 | 2 | 1 | 0 | 15 | 36 | 58.50 | 1 | 2 |
| Fine Arts - Classical Music | 0 | 2 | 2 | 0 | 10 | 86 | 100.50 | 1 | 2 |
| History - European History | 0 | 1 | 0 | 1 | 10 | 144 | 144.00 | 0 | 0 |
| History - Other History | 0 | 1 | 0 | 1 | 10 | 117 | 117.00 | 0 | 1 |
| Literature - European Literature | 0 | 1 | 0 | 0 | 10 | 126 | 126.00 | 0 | 0 |
| Literature - World Literature | 0 | 1 | 0 | 0 | 10 | 121 | 121.00 | 0 | 1 |
| Mythology | 0 | 1 | 1 | 0 | 5 | 57 | 57.00 | 1 | 1 |
| Science - Chemistry | 0 | 0 | 1 | 0 | -5 | 0.00 | 0 | 0 | |
| Social Science | 0 | 0 | 1 | 0 | -5 | 0.00 | 0 | 0 |